|
|
|
|
| LEADER |
00000nam a2200000 a 4500 |
| 001 |
vtls001155963 |
| 003 |
SK-MaSNL |
| 005 |
20260223201640.0 |
| 008 |
251124suuuu xx 0 lat |
| 035 |
|
|
|a SNK000098860
|
| 040 |
|
|
|a SNK
|b slo
|c SNK
|e AACR2
|
| 041 |
0 |
|
|a lat
|
| 044 |
|
|
|a xx
|
| 245 |
1 |
|
|a Articuli Diaetales Posonienses Anni M.DCC.LXV
|
| 260 |
|
|
|e Posonii
|f J.M. Landerer
|
| 300 |
|
|
|a 51 s.
|c 8°
|
| 958 |
|
|
|a RK
|
| 999 |
|
|
|c 687412
|d 689342
|
| 952 |
|
|
|a SNK
|b SNK
|y VYP
|7 0
|p 17A0553288
|o snkSD 5052/1765 D1
|i snkK 631/62
|8 3
|3 rekatalogizácia
|0 0
|1 0
|4 0
|d 2007-06-12
|l 0
|r 2026-02-23 20:16:40
|w 2026-02-23
|
| 952 |
|
|
|a SNK
|b SNK
|y VYP
|7 0
|p 17A0553287
|o snkSD 5052/1765 D2
|i snkK 5213/71
|8 3
|3 rekatalogizácia
|0 0
|1 0
|4 0
|d 2007-06-13
|l 0
|r 2026-02-23 20:16:40
|w 2026-02-23
|
| 952 |
|
|
|a SNK
|b SNK
|y PREZ
|7 0
|p 17A0896442
|o snkSD 5052/1765
|i snkKSF 1775/56
|8 5
|0 0
|1 0
|4 0
|d 2018-08-09
|l 0
|r 2025-11-12 00:00:00
|w 2026-02-23
|